05: Subtraktion bis 20 - Statistiken

Allgemein
  • Dieses Quiz wurde 2.331 mal gespielt
  • Das Durchschnittsergebnis liegt bei 20 aus 20
Antwortstatistiken
Problem Solution % Korrekt
8-8 0
100%
6-6 0
100%
5-5 0
100%
11-10 1
100%
8-7 1
100%
20-10 10
100%
19-9 10
100%
17-7 10
100%
15-5 10
100%
14-4 10
100%
11-1 10
100%
12-10 2
100%
9-7 2
100%
6-4 2
100%
11-8 3
100%
10-7 3
100%
9-6 3
100%
7-4 3
100%
6-3 3
100%
12-8 4
100%
10-6 4
100%
9-5 4
100%
5-1 4
100%
14-9 5
100%
10-5 5
100%
7-2 5
100%
15-9 6
100%
14-8 6
100%
11-5 6
100%
14-7 7
100%
9-2 7
100%
18-10 8
100%
10-2 8
100%
10-10 0
99%
9-9 0
99%
2-2 0
99%
9-8 1
99%
7-6 1
99%
5-4 1
99%
2-1 1
99%
1-0 1
99%
10-0 10
99%
11-9 2
99%
2-0 2
99%
13-10 3
99%
12-9 3
99%
4-0 4
99%
9-4 5
99%
8-3 5
99%
16-10 6
99%
13-7 6
99%
12-6 6
99%
10-4 6
99%
8-2 6
99%
7-1 6
99%
6-0 6
99%
15-8 7
99%
11-4 7
99%
8-1 7
99%
7-0 7
99%
15-7 8
99%
13-5 8
99%
18-9 9
99%
17-8 9
99%
16-7 9
99%
15-6 9
99%
12-3 9
99%
11-2 9
99%
10-1 9
99%
4-4 0
98%
0-0 0
98%
10-9 1
98%
4-3 1
98%
3-2 1
98%
18-8 10
98%
16-6 10
98%
12-2 10
98%
10-8 2
98%
8-6 2
98%
7-5 2
98%
4-2 2
98%
3-1 2
98%
8-5 3
98%
5-2 3
98%
4-1 3
98%
3-0 3
98%
13-9 4
98%
15-10 5
98%
6-1 5
98%
5-0 5
98%
9-3 6
98%
17-10 7
98%
16-9 7
98%
12-5 7
98%
10-3 7
98%
17-9 8
98%
12-4 8
98%
11-3 8
98%
9-1 8
98%
8-0 8
98%
14-5 9
98%
9-0 9
98%
7-7 0
97%
3-3 0
97%
1-1 0
97%
6-5 1
97%
13-3 10
97%
5-3 2
97%
14-10 4
97%
11-7 4
97%
8-4 4
97%
7-3 4
97%
6-2 4
97%
13-8 5
97%
12-7 5
97%
11-6 5
97%
13-6 7
97%
16-8 8
97%
14-6 8
97%
19-10 9
97%
13-4 9
97%
Keine übereinstimmenden Quizze gefunden
Verteilung der Resultate
Anzahl Personen mit jedem Resultat
Perzentil nach korrekt beantworteten Fragen
Ihre Resultats-Entwicklung
Sie haben dieses Quiz noch nicht gespielt